Comisión de trabajo para la reforma educativa en el INBAL (Record no. 64325)

MARC details
000 -CABECERA
campo de control de longitud fija 00572nam a2200217 a 4500
005 - FECHA Y HORA DE LA ÚLTIMA TRANSACCIÓN
campo de control 20210219152937.0
008 - ELEMENTOS DE LONGITUD FIJA--INFORMACIÓN GENERAL
campo de control de longitud fija 991125n 000 0 u
035 ## - NÚMERO DE CONTROL DEL SISTEMA
Número de control de sistema UPN01000068062
222 ## - TÍTULO CLAVE
Título clave ROSAS INFANTILES
245 ## - MENCIÓN DE TÍTULO
Título Comisión de trabajo para la reforma educativa en el INBAL
300 ## - DESCRIPCIÓN FÍSICA
Extensión 32
362 ## - FECHAS DE PUBLICACIÓN Y/O DESIGNACIÓN SECUENCIAL
Fecha de publicación y/o designación secuencial 1973 No. 7, jun.
653 0# - TERMINO DE INDIZACION - NO CONTROLADO
Término no controlado APRENDIZAJE
653 0# - TERMINO DE INDIZACION - NO CONTROLADO
Término no controlado HISTORIA
653 0# - TERMINO DE INDIZACION - NO CONTROLADO
Término no controlado INBA
653 0# - TERMINO DE INDIZACION - NO CONTROLADO
Término no controlado OBJETIVOS EDUCATIVOS
653 0# - TERMINO DE INDIZACION - NO CONTROLADO
Término no controlado PROCESO ENSEÑANZA-APRENDIZAJE
653 0# - TERMINO DE INDIZACION - NO CONTROLADO
Término no controlado REFORMA EDUCATIVA
904 ## - ELEMENTOS DE DATOS D LOCAL, LDD (RLIN)
a AC
b 005873
905 ## - TIPO DE MATERIAL
Tipo de material Articulo

No items available.